书目信息 |
| 题名: |
传说中国
|
|
| 作者: | 蔡践 主编 | |
| 分册: | 文人 | |
| 出版信息: | 北京 金城出版社 2007 |
|
| 页数: | 330页 | |
| 开本: | 25cm | |
| 丛书名: | ||
| 单 册: | ||
| 中图分类: | K820.2 , K825.4=2 | |
| 科图分类: | ||
| 主题词: | 历史人物--生平事迹--中国--古代 , 文化--名人--生平事迹--中国--古代 , 历史人物 , 文化 , 名人 | |
| 电子资源: | ||
| ISBN: | 978-7-80084-918-3 | |
| 000 | 01015nam0 2200289 45 | |
| 001 | 1050798312 | |
| 005 | 20100419103034.71 | |
| 010 | @a978-7-80084-918-3@dCNY38.00 | |
| 100 | @a20100408d2007 em y0chiy0110 ea | |
| 101 | 0 | @achi |
| 102 | @aCN@b110000 | |
| 105 | @aa z 000yd | |
| 106 | @ar | |
| 200 | 1 | @a传说中国@AChuan Shuo Zhong Guo@e人物主线图文版@ERen Wu Zhu Xian Tu Wen Ban@i文人@IWen Ren@f蔡践主编@FCai Jian Zhu Bian |
| 210 | @a北京@c金城出版社@d2007 | |
| 215 | @a330页@c图@d25cm | |
| 330 | @a本书尽显了文人墨客之间的唱和往还,文人墨客与官僚政客之间的斗智斗勇,以及与风尘女子们的恩恩爱爱。这些故事从多角度、多侧面地展现了当时时代的丰富生活画卷,具有极强的知识性和浓郁的趣味性。 | |
| 606 | 0 | @a历史人物@x生平事迹@y中国@z古代 |
| 606 | 0 | @a文化@x名人@x生平事迹@y中国@z古代 |
| 606 | 0 | @a历史人物 |
| 606 | 0 | @a文化 |
| 606 | 0 | @a名人 |
| 690 | @aK820.2@v4 | |
| 690 | @aK825.4=2@v4 | |
| 701 | 0 | @a蔡践@ACai Jian@4主编 |
| 801 | 0 | @aCN@bTANGWEI@c20100419 |
| 905 | @b0590576-80@dK820.2@e116:2@f5 | |
| 传说中国:人物主线图文版.文人/蔡践主编.-北京:金城出版社,2007 |
| 330页:图;25cm |
| ISBN 978-7-80084-918-3:CNY38.00 |
| 本书尽显了文人墨客之间的唱和往还,文人墨客与官僚政客之间的斗智斗勇,以及与风尘女子们的恩恩爱爱。这些故事从多角度、多侧面地展现了当时时代的丰富生活画卷,具有极强的知识性和浓郁的趣味性。 |
| ● |
| 相关链接 |
|
|
|
|
正题名:传说中国
索取号:K820.2/116:2
 
预约/预借
| 序号 | 登录号 | 条形码 | 馆藏地/架位号 | 状态 | 备注 |
| 1 | 0590576 | 205905760 | 第二样本阅览室/ [索取号:K820.2/116:2] | 在馆 | |
| 2 | 0590577 | 205905779 | 第二借阅区/ [索取号:K820.2/116:2] | 在馆 | |
| 3 | 0590578 | 205905788 | 第二借阅区/ [索取号:K820.2/116:2] | 在馆 | |
| 4 | 0590579 | 205905797 | 第二借阅区/ [索取号:K820.2/116:2] | 在馆 | |
| 5 | 0590580 | 205905804 | 第二借阅区/ [索取号:K820.2/116:2] | 在馆 |